[Event "CHI-ch"]
[Site "Iquique"]
[Date "2013.02.21"]
[Round "10"]
[White "Dobson Aguilar, Luis Francisco"]
[Black "Mesias Rojas, Rabindranath"]
[Result "1/2-1/2"]
[WhiteElo "2285"]
[BlackElo "2209"]
[PlyCount "42"]
[EventDate "2013.02.14"]
[EventType "tourn"]
[EventRounds "11"]
[EventCountry "CHI"]
[EventCategory "2"]
[SourceTitle "CBM 153 Extra"]
[Source "ChessBase"]
[SourceDate "2013.04.22"]
[SourceVersion "1"]
[SourceVersionDate "2013.04.22"]
[SourceQuality "1"]

1. c4 c5 2. b3 Nc6 3. Bb2 e5 4. d3 d6 5. Nf3 Nf6 6. Nbd2 Be7 7. e3 a6 8. Be2 0-0 9. 0-0 Bg4 10. a3 h6 11. Qc2 Rc8 12. Rac1 Re8 13. Qb1 Bh5 14. Bd1 Bg6 15. Bc2 Bf8 16. Rfd1 Qc7 17. Qa1 b5 18. Qb1 Rb8 19. cxb5 axb5 20. d4 exd4 21. exd4 Bxc2 1/2-1/2

[Event "CHI-ch"]
[Site "Iquique"]
[Date "2013.02.16"]
[Round "5"]
[White "Abarca Gonzalez, Nicolas"]
[Black "Dobson Aguilar, Luis Francisco"]
[Result "0-1"]
[WhiteElo "2228"]
[BlackElo "2285"]
[PlyCount "90"]
[EventDate "2013.02.14"]
[EventType "tourn"]
[EventRounds "11"]
[EventCountry "CHI"]
[EventCategory "2"]
[SourceTitle "CBM 153 Extra"]
[Source "ChessBase"]
[SourceDate "2013.04.22"]
[SourceVersion "1"]
[SourceVersionDate "2013.04.22"]
[SourceQuality "1"]

1. e4 c5 2. Nf3 e6 3. Qe2 b6 4. g3 Bb7 5. Bg2 d6 6. 0-0 Nf6 7. Nc3 Be7 8. Rd1 a6 9. d4 cxd4 10. Nxd4 Qc7 11. Be3 Nbd7 12. h3 0-0 13. g4 Nc5 14. Bc1 b5 15. g5 Ne8 16. Qg4 b4 17. Nce2 g6 18. c3 bxc3 19. Nxc3 e5 20. Nc2 f5 21. exf5 gxf5 22. Qc4+ Kh8 23. Nd5 Bxd5 24. Qxd5 Rb8 25. f4 Ng7 26. Ne3 exf4 27. Nc4 Nce6 28. h4 Qa7+ 29. Kh1 Qf2 30. Rd3 Rb5 31. Qf3 Qxh4+ 32. Qh3 Qe1+ 33. Bf1 Nxg5 34. Qg2 f3 35. Qg1 Qh4+ 36. Qh2 Qxc4 37. Rd1 Qe4 38. Bxb5 axb5 39. Bd2 f2+ 40. Qg2 Nf3 41. Qxf2 Nxd2+ 42. Kg1 Nf3+ 43. Kf1 Bh4 44. Qe2 Qg4 45. Qc2 Re8 0-1

[Event "CHI-ch"]
[Site "Iquique"]
[Date "2013.02.16"]
[Round "4"]
[White "Dobson Aguilar, Luis Francisco"]
[Black "Henriquez Villagra, Cristobal"]
[Result "1-0"]
[WhiteElo "2285"]
[BlackElo "2306"]
[PlyCount "53"]
[EventDate "2013.02.14"]
[EventType "tourn"]
[EventRounds "11"]
[EventCountry "CHI"]
[EventCategory "2"]
[SourceTitle "CBM 153 Extra"]
[Source "ChessBase"]
[SourceDate "2013.04.22"]
[SourceVersion "1"]
[SourceVersionDate "2013.04.22"]
[SourceQuality "1"]

1. e4 e5 2. f4 exf4 3. Nf3 Ne7 4. d4 Ng6 5. Bc4 Be7 6. 0-0 0-0 7. Nc3 c6 8. Ne5 Nxe5 9. dxe5 d6 10. Bxf4 Qb6+ 11. Kh1 dxe5 12. Bxe5 Nd7 13. Bd4 Qd8 14. Qh5 Nf6 15. Bxf6 Bxf6 16. Rad1 Qe8 17. e5 g6 18. Ne4 Qxe5 19. Nxf6+ Qxf6 20. Rxf6 gxh5 21. Rxf7 Rxf7 22. Rf1 Kg7 23. Rxf7+ Kg6 24. Rf8 b6 25. Bd3+ Kg7 26. Rd8 h6 27. Ba6 1-0

[Event "CHI-ch"]
[Site "Iquique"]
[Date "2013.02.15"]
[Round "3"]
[White "Toloza Soto, Pablo Alejandro"]
[Black "Dobson Aguilar, Luis Francisco"]
[Result "1/2-1/2"]
[WhiteElo "2291"]
[BlackElo "2285"]
[PlyCount "45"]
[EventDate "2013.02.14"]
[EventType "tourn"]
[EventRounds "11"]
[EventCountry "CHI"]
[EventCategory "2"]
[SourceTitle "CBM 153 Extra"]
[Source "ChessBase"]
[SourceDate "2013.04.22"]
[SourceVersion "1"]
[SourceVersionDate "2013.04.22"]
[SourceQuality "1"]

1. Nf3 c5 2. c4 b6 3. d4 cxd4 4. Nxd4 Bb7 5. Nc3 Nf6 6. Bg5 e6 7. Ndb5 d6 8. e4 a6 9. Bxf6 gxf6 10. Nd4 Nd7 11. Qh5 Qe7 12. f4 0-0-0 13. 0-0-0 Nc5 14. Be2 Nxe4 15. Nxe4 Bxe4 16. Bf3 Bxf3 17. Qxf3 Qb7 18. Qh3 f5 19. g4 Bg7 20. Rhe1 fxg4 21. Qxg4 Rhg8 22. Qh3 h6 23. Nb3 1/2-1/2

[Event "Internet Section 11B g/8'+2\""]
[Site "Dos Hermanas"]
[Date "2004.03.12"]
[Round "8"]
[White "Dobson Aguilar, Luis Francisco"]
[Black "Dunne, Alex"]
[Result "1-0"]
[WhiteElo "2341"]
[BlackElo "2198"]
[PlyCount "55"]
[EventDate "2004.03.11"]
[EventType "swiss (blitz)"]
[EventRounds "9"]
[EventCountry "ESP"]
[SourceTitle "EXT 2005"]
[Source "ChessBase"]
[SourceDate "2004.11.15"]
[SourceVersion "1"]
[SourceVersionDate "2004.11.15"]
[SourceQuality "1"]

1. e4 Nc6 2. Nf3 d6 3. d4 Nf6 4. Nc3 g6 5. Bc4 Bg7 6. h3 0-0 7. Bg5 Nxe4 8. Bxf7+ Rxf7 9. Nxe4 Bf5 10. Ng3 Qd7 11. Qd2 e5 12. d5 Nd4 13. Nxd4 exd4 14. 0-0-0 Qb5 15. Nxf5 Rxf5 16. g4 Rf7 17. f4 Qxd5 18. Kb1 Re8 19. Rhe1 Qb5 20. Rxe8+ Qxe8 21. Re1 Qb5 22. Bh4 c5 23. f5 gxf5 24. gxf5 Rxf5 25. Qg2 d3 26. cxd3 Qxd3+ 27. Ka1 Rd5 28. Re8+ 1-0

[Event "Internet Section 09B g/8'+2\""]
[Site "Dos Hermanas"]
[Date "2004.03.10"]
[Round "9"]
[White "Ibarra Chami, Luis Fernando"]
[Black "Dobson Aguilar, Luis Francisco"]
[Result "0-1"]
[WhiteElo "2091"]
[BlackElo "2341"]
[PlyCount "122"]
[EventDate "2004.03.09"]
[EventType "swiss (blitz)"]
[EventRounds "9"]
[EventCountry "ESP"]
[SourceTitle "CBM 099 Extra"]
[Source "ChessBase"]
[SourceDate "2004.05.04"]
[SourceVersion "1"]
[SourceVersionDate "2004.05.04"]
[SourceQuality "1"]

1. e4 c5 2. Nf3 e6 3. d4 cxd4 4. Nxd4 a6 5. Nc3 Qc7 6. Be3 Nf6 7. Be2 b5 8. a3 Bb7 9. f3 d6 10. Qd2 Nbd7 11. g4 h6 12. h4 d5 13. exd5 Nxd5 14. Nxd5 Bxd5 15. 0-0-0 Bd6 16. g5 Ne5 17. Nf5 g6 18. Nxd6+ Qxd6 19. gxh6 Qc6 20. Bd4 f6 21. Bxe5 fxe5 22. Bd3 0-0-0 23. Rh3 Bxf3 24. Rf1 e4 25. Rhxf3 exf3 26. Qe3 Rhf8 27. Be4 Qd6 28. Kb1 f2 29. Qa7 Rd7 30. Qa8+ Kc7 31. Qa7+ Kd8 32. Qe3 Qd1+ 33. Rxd1 Rxd1+ 34. Ka2 f1Q 35. Qb6+ Ke7 36. Qc5+ Rd6 37. Qc7+ Rd7 38. Qc5+ Kf7 39. Qe5 Qf6 40. Qg3 Rd4 41. Qc7+ Kg8 42. Bb7 Qf7 43. Qb6 e5+ 44. b3 Rd2 45. Be4 Qf6 46. Qc7 Re2 47. Bd5+ Kh8 48. Be6 Re1 49. a4 b4 50. Qg7+ Qxg7 51. hxg7+ Kxg7 52. Bc4 Rf2 53. Kb2 Ree2 54. Bd3 e4 55. Bxe4 Rxe4 56. h5 Ree2 57. h6+ Kxh6 58. Kc1 Rxc2+ 59. Kd1 Ra2 60. a5 Rh2 61. Ke1 Rh1# 0-1

[Event "Internet Section 08B g/8'+2\""]
[Site "Dos Hermanas"]
[Date "2004.03.09"]
[Round "8"]
[White "Dobson Aguilar, Luis Francisco"]
[Black "Rivas, Lucas"]
[Result "1-0"]
[WhiteElo "2341"]
[BlackElo "1932"]
[PlyCount "45"]
[EventDate "2004.03.08"]
[EventType "swiss (blitz)"]
[EventRounds "9"]
[EventCountry "ESP"]
[SourceTitle "CBM 099 Extra"]
[Source "ChessBase"]
[SourceDate "2004.05.04"]
[SourceVersion "1"]
[SourceVersionDate "2004.05.04"]
[SourceQuality "1"]

1. e4 c5 2. Nf3 d6 3. d4 cxd4 4. Nxd4 Nf6 5. Nc3 a6 6. Bg5 e6 7. f4 Qb6 8. Qd2 Qxb2 9. Rb1 Qa3 10. f5 Nc6 11. Nxc6 bxc6 12. fxe6 fxe6 13. Bxf6 gxf6 14. Be2 h5 15. e5 dxe5 16. Ne4 Be7 17. Rf1 f5 18. Rb3 Qxa2 19. Qc3 Bd7 20. Qxe5 Rf8 21. Bxh5+ Kd8 22. Nd6 Qxc2 23. Qa5# 1-0

[Event "Internet Section 07A g/8'+2\""]
[Site "Dos Hermanas"]
[Date "2004.03.07"]
[Round "7"]
[White "Dobson Aguilar, Luis Francisco"]
[Black "Belezky, Alexander"]
[Result "0-1"]
[WhiteElo "2341"]
[BlackElo "2408"]
[PlyCount "92"]
[EventDate "2004.03.07"]
[EventType "swiss (blitz)"]
[EventRounds "9"]
[EventCountry "ESP"]
[SourceTitle "CBM 099 Extra"]
[Source "ChessBase"]
[SourceDate "2004.05.04"]
[SourceVersion "1"]
[SourceVersionDate "2004.05.04"]
[SourceQuality "1"]

1. e4 c5 2. Nf3 d6 3. d4 cxd4 4. Nxd4 Nf6 5. Nc3 g6 6. Be2 Bg7 7. 0-0 Nc6 8. Nb3 0-0 9. Bg5 Be6 10. Kh1 a6 11. f4 b5 12. Bf3 Rc8 13. Rb1 Bc4 14. Rf2 Qb6 15. Rd2 Rfe8 16. Nd5 Nxd5 17. exd5 Nb4 18. a3 Nxc2 19. Qxc2 Qe3 20. Na5 Ba2 21. Nc6 Bxb1 22. Qd1 Bf5 23. Re2 Qd3 24. Rd2 Qe3 25. Re2 Qd3 26. Rd2 Qb1 27. g4 Qxd1+ 28. Rxd1 f6 29. gxf5 fxg5 30. fxg6 gxf4 31. gxh7+ Kxh7 32. b3 Bf6 33. Be4+ Kh8 34. Rd3 Kg7 35. Bf5 e6 36. Bg4 Rc7 37. Bf3 exd5 38. Bxd5 Re3 39. Rxe3 fxe3 40. Kg2 Bb2 41. Kf3 Bxa3 42. Kxe3 Kf6 43. Be4 Bc5+ 44. Kf3 Rf7 45. b4 Bb6 46. Nb8 Ke5+ 0-1

[Event "Internet Section 06A g/8'+2\""]
[Site "Dos Hermanas"]
[Date "2004.03.06"]
[Round "8"]
[White "Dobson Aguilar, Luis Francisco"]
[Black "Johannesen, Eydalvur"]
[Result "1-0"]
[WhiteElo "2341"]
[BlackElo "1925"]
[PlyCount "49"]
[EventDate "2004.03.06"]
[EventType "swiss (blitz)"]
[EventRounds "9"]
[EventCountry "ESP"]
[SourceTitle "CBM 099 Extra"]
[Source "ChessBase"]
[SourceDate "2004.05.04"]
[SourceVersion "1"]
[SourceVersionDate "2004.05.04"]
[SourceQuality "1"]

1. e4 e5 2. Nf3 Nc6 3. d4 exd4 4. Bc4 Nf6 5. e5 d5 6. Bb5 Ne4 7. Nxd4 Bd7 8. Bxc6 Bxc6 9. 0-0 Bc5 10. f3 Qh4 11. fxe4 Qxe4 12. c3 0-0-0 13. Kh1 Qxe5 14. Nxc6 bxc6 15. Bf4 Qe6 16. b4 Bd6 17. Bxd6 Rxd6 18. Nd2 Qe5 19. Qg4+ Re6 20. Qd4 Qxd4 21. cxd4 f6 22. Rae1 Rhe8 23. Nf3 Re2 24. Kg1 Kd7 25. Ne5+ 1-0

[Event "Internet Section 06B g/8'+2\""]
[Site "Dos Hermanas"]
[Date "2004.03.06"]
[Round "7"]
[White "Julia, Ernesto"]
[Black "Dobson Aguilar, Luis Francisco"]
[Result "1-0"]
[WhiteElo "2387"]
[BlackElo "2341"]
[PlyCount "45"]
[EventDate "2004.03.06"]
[EventType "swiss (blitz)"]
[EventRounds "9"]
[EventCountry "ESP"]
[SourceTitle "CBM 099 Extra"]
[Source "ChessBase"]
[SourceDate "2004.05.04"]
[SourceVersion "1"]
[SourceVersionDate "2004.05.04"]
[SourceQuality "1"]

1. d4 Nf6 2. c4 e6 3. Nc3 c5 4. d5 d6 5. e4 exd5 6. cxd5 g6 7. f4 Bg7 8. e5 dxe5 9. fxe5 Ng4 10. e6 Ne5 11. Bb5+ Kf8 12. Nf3 a6 13. 0-0 f5 14. Nxe5 Bxe5 15. Bh6+ Bg7 16. Rxf5+ gxf5 17. Qh5 Qe7 18. Rf1 Bxe6 19. dxe6 Qxe6 20. Rxf5+ Kg8 21. Bc4 Bd4+ 22. Kh1 Qxc4 23. Rf8# 1-0

[Event "Internet Section 06B g/8'+2\""]
[Site "Dos Hermanas"]
[Date "2004.03.06"]
[Round "3"]
[White "Lenderman, Aleksandr"]
[Black "Dobson Aguilar, Luis Francisco"]
[Result "0-1"]
[WhiteElo "2342"]
[BlackElo "2341"]
[PlyCount "84"]
[EventDate "2004.03.06"]
[EventType "swiss (blitz)"]
[EventRounds "9"]
[EventCountry "ESP"]
[SourceTitle "CBM 099 Extra"]
[Source "ChessBase"]
[SourceDate "2004.05.04"]
[SourceVersion "1"]
[SourceVersionDate "2004.05.04"]
[SourceQuality "1"]

1. e4 c5 2. d4 cxd4 3. c3 dxc3 4. Nxc3 e6 5. Bf4 d6 6. Nf3 Nc6 7. Bc4 Nf6 8. Qe2 Be7 9. 0-0 e5 10. Be3 0-0 11. h3 a6 12. Rfd1 Be6 13. Bxe6 fxe6 14. Ng5 Qd7 15. Na4 Nd4 16. Bxd4 Qxa4 17. Bc3 Rfc8 18. f3 Qd7 19. h4 h6 20. Nh3 Qe8 21. g4 Nd7 22. Kg2 Rc6 23. h5 Rac8 24. Rd2 Nb6 25. Rad1 Nc4 26. Rd3 b5 27. b3 Nb6 28. Bb2 b4 29. R3d2 Nd7 30. f4 exf4 31. Nxf4 Bg5 32. Qf3 Rc2 33. Kh3 Rxd2 34. Rxd2 e5 35. Rxd6 Bxf4 36. Qd3 Nf6 37. a3 a5 38. axb4 axb4 39. Qe2 Rd8 40. Qd3 Rxd6 41. Qxd6 Qd7 42. Qxb4 Qxg4# 0-1

[Event "Internet Section 06A g/8'+2\""]
[Site "Dos Hermanas"]
[Date "2004.03.06"]
[Round "1"]
[White "Ozturk, Murat"]
[Black "Dobson Aguilar, Luis Francisco"]
[Result "0-1"]
[WhiteElo "1518"]
[BlackElo "2341"]
[PlyCount "116"]
[EventDate "2004.03.06"]
[EventType "swiss (blitz)"]
[EventRounds "9"]
[EventCountry "ESP"]
[SourceTitle "CBM 099 Extra"]
[Source "ChessBase"]
[SourceDate "2004.05.04"]
[SourceVersion "1"]
[SourceVersionDate "2004.05.04"]
[SourceQuality "1"]

1. Nf3 c5 2. c4 b6 3. e3 Bb7 4. Be2 Nf6 5. Nc3 d6 6. b3 e6 7. Bb2 Nbd7 8. d4 Be7 9. d5 exd5 10. Nxd5 Bxd5 11. cxd5 0-0 12. Bd3 Re8 13. h3 Bf8 14. Qc2 h6 15. e4 Nxd5 16. 0-0 Nb4 17. Qd2 Nxd3 18. Qxd3 Qe7 19. Nd2 Ne5 20. Bxe5 dxe5 21. Rad1 Red8 22. Qg3 g6 23. Nc4 Bg7 24. f4 exf4 25. Rxd8+ Rxd8 26. Qxf4 Rd4 27. g3 Rxe4 28. Qxf7+ Qxf7 29. Rxf7 Rxc4 30. Rxg7+ Kxg7 31. bxc4 Kf6 32. Kf2 Ke5 33. Ke3 g5 34. a4 a6 35. Kd3 h5 36. Ke3 Kf5 37. Kf3 Ke5 38. Ke3 h4 39. g4 a5 40. Kd3 Kf4 41. Ke2 Kg3 42. Ke3 Kxh3 43. Kf3 Kh2 44. Kf2 h3 45. Kf1 Kg3 46. Kg1 Kxg4 47. Kh1 Kh4 48. Kh2 g4 49. Kg1 g3 50. Kh1 Kg4 51. Kg1 Kf3 52. Kh1 Ke3 53. Kg1 Kd3 54. Kf1 Kxc4 55. Kg1 Kd3 56. Kf1 Kd2 57. Kg1 c4 58. Kf1 c3 0-1

[Event "CHI-ch"]
[Site "Santiago de Chile"]
[Date "2004.02.16"]
[Round "9.2"]
[White "Dobson Aguilar, Luis Francisco"]
[Black "Arancibia Guzman, Eduardo"]
[Result "0-1"]
[WhiteElo "2341"]
[BlackElo "2405"]
[PlyCount "98"]
[EventDate "2004.02.09"]
[EventType "swiss"]
[EventRounds "11"]
[EventCountry "CHI"]
[SourceTitle "CBM 098 Extra"]
[Source "ChessBase"]
[SourceDate "2004.03.10"]
[SourceVersion "2"]
[SourceVersionDate "2004.03.10"]
[SourceQuality "1"]

1. e4 d5 2. exd5 Nf6 3. Bb5+ Bd7 4. Be2 Nxd5 5. d4 Bf5 6. a3 e6 7. c4 Nb6 8. Nf3 Nc6 9. Nc3 Be7 10. Be3 Bf6 11. b3 0-0 12. Ra2 Qe7 13. 0-0 Rfd8 14. Rd2 Qxa3 15. c5 Nd5 16. Nxd5 exd5 17. Bg5 Bxg5 18. Nxg5 h6 19. Nh3 Bxh3 20. gxh3 Re8 21. Kh1 Qb4 22. Bf3 Rad8 23. Rg1 Re6 24. Rd3 Rf6 25. Qe2 Kf8 26. Bh5 Re8 27. Qg4 g6 28. Qh4 g5 29. Qg4 Re1 30. Rf3 Rxg1+ 31. Kxg1 Qe1+ 32. Kg2 Rxf3 33. Qxf3 Qe4 34. Qxe4 dxe4 35. d5 Ne5 36. d6 cxd6 37. cxd6 Ke8 38. h4 Kd7 39. hxg5 hxg5 40. Kg3 Kxd6 41. h4 gxh4+ 42. Kxh4 Nd3 43. Kg3 f5 44. Kg2 Ke5 45. Kf1 Kd4 46. Bg6 f4 47. Bf5 a5 48. Bd7 Nc5 49. Bc8 b6 0-1

[Event "CHI-ch"]
[Site "Santiago de Chile"]
[Date "2004.02.15"]
[Round "8.1"]
[White "Llorens Sepulveda, Marcelo"]
[Black "Dobson Aguilar, Luis Francisco"]
[Result "1-0"]
[WhiteElo "2384"]
[BlackElo "2341"]
[PlyCount "53"]
[EventDate "2004.02.09"]
[EventType "swiss"]
[EventRounds "11"]
[EventCountry "CHI"]
[SourceTitle "CBM 098 Extra"]
[Source "ChessBase"]
[SourceDate "2004.03.10"]
[SourceVersion "2"]
[SourceVersionDate "2004.03.10"]
[SourceQuality "1"]

1. e4 c5 2. Nf3 e6 3. d4 cxd4 4. Nxd4 a6 5. Bd3 Bc5 6. Nb3 Ba7 7. Qe2 Nc6 8. 0-0 d6 9. c4 Nge7 10. Be3 Ng6 11. Bxa7 Rxa7 12. f4 e5 13. f5 Nf4 14. Qe3 a5 15. Nc3 a4 16. Nc1 Ra8 17. g3 Nh5 18. N1e2 Nf6 19. h3 h5 20. Kg2 Qa5 21. Nb5 0-0 22. a3 Rd8 23. Rad1 Na7 24. Nbc3 Bd7 25. g4 Bc6 26. g5 Ne8 27. Qf3 1-0

[Event "CHI-ch"]
[Site "Santiago de Chile"]
[Date "2004.02.12"]
[Round "4.1"]
[White "Pineda Polanco, Adolfo"]
[Black "Dobson Aguilar, Luis Francisco"]
[Result "0-1"]
[WhiteElo "2285"]
[BlackElo "2341"]
[PlyCount "73"]
[EventDate "2004.02.09"]
[EventType "swiss"]
[EventRounds "11"]
[EventCountry "CHI"]
[SourceTitle "CBM 098 Extra"]
[Source "ChessBase"]
[SourceDate "2004.03.10"]
[SourceVersion "2"]
[SourceVersionDate "2004.03.10"]
[SourceQuality "1"]

1. e4 c5 2. Nf3 Nc6 3. d4 cxd4 4. Nxd4 Nf6 5. Nc3 e5 6. Ndb5 d6 7. Bg5 a6 8. Na3 b5 9. Nd5 Be7 10. Bxf6 Bxf6 11. c3 Ne7 12. Nxe7 Bxe7 13. Be2 0-0 14. Nc2 Bb7 15. Bf3 f5 16. exf5 d5 17. 0-0 Qd6 18. Ne3 e4 19. Bg4 Rad8 20. Qb3 Kh8 21. Rad1 Qe5 22. Bh3 Bd6 23. g3 Bc5 24. Nc2 Rd6 25. Nd4 Rh6 26. Bg4 Rhf6 27. Qc2 Bc8 28. Qd2 g6 29. Ne6 Bxe6 30. fxe6 Rxf2 31. Rxf2 Rxf2 32. Qxf2 Bxf2+ 33. Kxf2 h5 34. Bh3 g5 35. Ke3 g4 36. Bg2 Qxe6 37. Rf1 0-1

[Event "American Continental 02nd"]
[Site "Buenos Aires"]
[Date "2003.08.26"]
[Round "8"]
[White "Dobson Aguilar, Luis Francisco"]
[Black "Aguilar, Andres"]
[Result "1-0"]
[WhiteElo "2330"]
[BlackElo "2204"]
[PlyCount "67"]
[EventDate "2003.08.17"]
[EventType "swiss"]
[EventRounds "11"]
[EventCountry "ARG"]
[SourceTitle "CBM 097"]
[Source "ChessBase"]
[SourceDate "2003.11.11"]
[SourceVersion "1"]
[SourceVersionDate "2003.11.11"]
[SourceQuality "1"]

1. e4 c5 2. Nf3 Nc6 3. d4 cxd4 4. Nxd4 Nf6 5. Nc3 d6 6. Bc4 e6 7. Be3 a6 8. Qe2 Qc7 9. 0-0-0 Be7 10. Bb3 Bd7 11. Rhg1 b5 12. g4 b4 13. Na4 Na5 14. f3 Nxb3+ 15. axb3 Bxa4 16. bxa4 0-0 17. g5 Nd7 18. Nb3 Qc6 19. a5 Rfc8 20. Bd4 Rc7 21. Kb1 Nc5 22. h4 Qb5 23. Qe3 Rac8 24. g6 hxg6 25. h5 Nxb3 26. cxb3 Qxh5 27. Rh1 Qg5 28. f4 Qg2 29. Ka2 Rc3 30. Bxc3 bxc3 31. Rb1 cxb2 32. Qh3 Qxh3 33. Rxh3 Bf6 34. Rbh1 1-0

[Event "American Continental 02nd"]
[Site "Buenos Aires"]
[Date "2003.08.25"]
[Round "7"]
[White "Burijovich, Liliana"]
[Black "Dobson Aguilar, Luis Francisco"]
[Result "0-1"]
[WhiteElo "2195"]
[BlackElo "2330"]
[PlyCount "166"]
[EventDate "2003.08.17"]
[EventType "swiss"]
[EventRounds "11"]
[EventCountry "ARG"]
[SourceTitle "CBM 097"]
[Source "ChessBase"]
[SourceDate "2003.11.11"]
[SourceVersion "1"]
[SourceVersionDate "2003.11.11"]
[SourceQuality "1"]

1. e4 c5 2. Nf3 e6 3. d4 cxd4 4. Nxd4 a6 5. c4 Qc7 6. Nc3 Nf6 7. a3 Nc6 8. Be3 b6 9. Rc1 Bb7 10. b4 Ne5 11. f3 d6 12. Be2 Be7 13. 0-0 0-0 14. f4 Ned7 15. Bd3 Rac8 16. g4 g6 17. g5 Ne8 18. Qg4 Ng7 19. Nde2 f5 20. gxf6 Nxf6 21. Qh3 Qd8 22. Bd4 d5 23. cxd5 exd5 24. exd5 Nxd5 25. Ne4 Nxf4 26. Qe3 Nxe2+ 27. Bxe2 Rxc1 28. Rxc1 Nf5 29. Bc4+ Bd5 30. Qb3 Nxd4 31. Bxd5+ Kh8 32. Qc4 Ne2+ 33. Qxe2 Qxd5 34. Rc7 Qe5 35. Rb7 Bf6 36. Kg2 Bg7 37. Rxb6 Re8 38. Rxa6 Bf8 39. b5 Qxe4+ 40. Qxe4 Rxe4 41. Kf3 Re1 42. b6 Rb1 43. a4 Bd6 44. a5 Bxh2 45. Ra7 Bg1 46. Rb7 Ra1 47. Ra7 Rb1 48. Rb7 Rb5 49. Kg2 Bd4 50. a6 Bxb6 51. a7 Rg5+ 52. Kh3 Bxa7 53. Rxa7 Rb5 54. Kg4 Rc5 55. Rb7 Ra5 56. Rc7 Rf5 57. Ra7 Kg8 58. Rb7 Rf1 59. Kg5 Rf5+ 60. Kg4 Rf7 61. Rb6 Kg7 62. Ra6 Rb7 63. Kg3 h6 64. Kg4 Rb4+ 65. Kg3 h5 66. Kh3 Rf4 67. Kg3 Rf5 68. Kh4 Rf6 69. Ra5 Kh6 70. Kh3 Rf5 71. Ra6 Kg5 72. Kg3 h4+ 73. Kh3 Rf3+ 74. Kh2 Kh5 75. Kg2 Rf5 76. Ra8 Rb5 77. Ra3 Rb4 78. Kh3 g5 79. Ra5 Rb3+ 80. Kg2 Rb2+ 81. Kh3 Rb3+ 82. Kg2 Rb1 83. Kh3 Kg6 0-1

[Event "American Continental 02nd"]
[Site "Buenos Aires"]
[Date "2003.08.22"]
[Round "5"]
[White "Gonzalez Garcia, Jose"]
[Black "Dobson Aguilar, Luis Francisco"]
[Result "1-0"]
[WhiteElo "2429"]
[BlackElo "2330"]
[PlyCount "58"]
[EventDate "2003.08.17"]
[EventType "swiss"]
[EventRounds "11"]
[EventCountry "ARG"]
[SourceTitle "CBM 097"]
[Source "ChessBase"]
[SourceDate "2003.11.11"]
[SourceVersion "1"]
[SourceVersionDate "2003.11.11"]
[SourceQuality "1"]

1. Nf3 c5 2. e4 e6 3. d4 cxd4 4. Nxd4 Qb6 5. Nb3 a6 6. Bd3 Qc7 7. 0-0 Nf6 8. f4 d6 9. c4 Nbd7 10. Nc3 b6 11. Qe2 Bb7 12. Bd2 Rc8 13. Rae1 Nc5 14. Nxc5 Qxc5+ 15. Be3 Qc7 16. Bd4 Be7 17. Qe3 Ng4 18. Qg3 h5 19. h3 Bf6 20. e5 dxe5 21. hxg4 exd4 22. Nd5 Bxd5 23. cxd5 hxg4 24. dxe6 fxe6 25. Qxg4 Rh6 26. Qxe6+ Kf8 27. Bxa6 Rd8 28. Bc4 Rh8 29. Rf3 b5 1-0